000 00310nam a22001337a 4500
008 170817b xxu||||| |||| 00| 0 eng d
020 _a2400010974250
041 _aeng
080 _25TH
_a51
100 _a36
101 _aMAT
245 _aELEMENTARY & INTERMEDIATE ALGEBRA
_cBITTINGER,M.L
942 _2udc
_cBK
999 _c24012
_d24012